LEADER 00893naa a2200169 i 4500 001 000000035879 003 CaOOAMICUS 005 20220913101347.0 008 931231n xx u000 u spa u 013 $a4763 020 $a8470090399 040 $aSeMil$bita 100 1 $aGuerra, Manuel.$0(OLS)http://semarc/name/16806 245 13$aEl sacerdocio y el ministro de la Eucaristía en las primeras comunidades cristianas ; Origen divino de la «auctoritas» y de la «potestas» y su colación a los sacerdotes (obispos-presbíteros) según San Cipriano. 996 $6020$a8470090399$9(OLS)http://semarc/number/4274 996 $6245$aEl sacerdocio y el ministro de la Eucaristía en las primeras comunidades cristianas ; Origen divino de la «auctoritas» y de la «potestas» y su colación a los sacerdotes (obispos-presbíteros) según San Cipriano$9(OLS)http://semarc/title/49352 LEADER 00611nam a2200181 i 4500 001 000000037913 003 CaOOAMICUS 005 20250122140756.0 008 170413s1840 it u000 u ita u 013 $a8292 040 $aSeMil$bita 245 10$aVol. 1. 300 $a264 p. 773 0 $aDumas, Alexandre $tNapoleone.$dMilano : Pirotta e C., 1840.$kAmenita de' viaggi, memorie contemporanee, ec.$g1$w()6181 850 $aSeMil 852 $aSeMil$W1$xVenegono$y1$m2ZB VI 19 FA$j4068$B4068$CSeMilBibl$Z2$F4068 $8I 996 $6245$aVol. 1$9(OLS)http://semarc/title/13429